| 000 | 00594nam a2200181Ia 4500 | ||
|---|---|---|---|
| 008 | 100921s9999 xx 000 0 und d | ||
| 082 |
_b37827 _a891.463 न 03 |
||
| 100 | _aपोतनीस मृणालिनी. | ||
| 245 | _aपरिणिता. | ||
| 260 |
_bराजश्री प्रकाशन,पुणे. _c2003 |
||
| 300 |
_a124 _bजयेश एजन्सी,पुणे. |
||
| 365 | _b120 | ||
| 520 | _aललित-कथा. | ||
| 630 | _aपरिणिता. | ||
| 650 | _aललित-कथा. | ||
| 730 | _aपरिणिता. | ||
| 942 | _cBOOK | ||
| 999 |
_c786940 _d786937 |
||